Re-cognition: (Record no. 178659)

MARC details
000 -LEADER
fixed length control field 00686nam a22001937a 4500
005 - DATE AND TIME OF LATEST TRANSACTION
control field 20210412102611.0
010 ## - LCCN (DPL NO)
LC control number B-739763
020 ## - INTERNATIONAL STANDARD BOOK NUMBER
International Standard Book Number 9788126030750
Terms of availability 140.00
035 ## - SYSTEM CONTROL NUMBER
System control number B-739763
037 ## - SOURCE OF ACQUISITION
Source of stock number/acquisition Gift
082 ## - DEWEY DECIMAL CLASSIFICATION NUMBER
Classification number 812.08
100 ## - MAIN ENTRY--PERSONAL NAME
Personal name Kurtkoti, Kirtinath
245 ## - TITLE STATEMENT
Title Re-cognition:
Remainder of title a study of sanskrit drama /
Statement of responsibility, etc by Kirtinath Kurtkoti
260 ## - PUBLICATION, DISTRIBUTION, ETC. (IMPRINT)
Place of publication, distribution, etc New Delhi
Name of publisher, distributor, etc Sahitya Akademi
Date of publication, distribution, etc 2011
270 ## - ADDRESS
Address Rabindra Bhavan, 35, Ferozshah Road
City New Delhi
Postal code 110001
300 ## - PHYSICAL DESCRIPTION
Extent xiv, 211p.
Dimensions 22cm(Hb)
942 ## - ADDED ENTRY ELEMENTS (KOHA)
Source of classification or shelving scheme Dewey Decimal Classification
Item type English Books
Classification part 812.08
Call number suffix KUR
Holdings
Withdrawn status Lost status Not for loan Collection code Home library Current library Date acquired Source of acquisition Cost, normal purchase price Full call number Barcode Copy number Cost, replacement price Koha item type Public note
      Non-fiction Central Library Central Library 09/04/2021 Gift/Eng/05-04-2021 140.00 812.08 KUR B-739763 1 140.00 English Books Gift

© Delhi Public Library
Hit Counter
free hit counter